000 00491nam a2200181Ia 4500
005 20250508152223.0
008 008 250505s9999 xx 000 0 eng d
037 _aTextual
040 _aFEDL
_beng
_cFEDL
041 _aeng
_2eng
084 _a650.7, WIL
_qFEDL
100 _aWilliams D Treharne
_9342437
245 0 _aCommerce
260 _aLondon, UK
_bLongmans, Green and Co.
_c1956
300 _aviii,280p.
942 _cTEXL
_h650.7, WIL
999 _c1335036
_d1335036